00574nam a2200205Ia 4500003000900000008004100009020001800050040001600068080001500084100001900099245006600118260003900184300001000223650004100233650001900274650002000293650001800313700001600331700002100347IN-BaIIA211028s9999 xx 000 0 eng d a0-486-60303-2 cIIA Library a532.5bDRY aDryden, Hugh L 0aHydrodynamicscHugh L. Dryden, F. P. Murnaghan and H. Bateman aNew YorkbDover Publicationsc1956 a634p. aAstronomy and astrophysics thesaurus aFluid dynamics aFluid mechanics aHydrodynamics aBateman, H. aMurnaghan, F. D.